| 000 | 00419cam a22001691 4500 | ||
|---|---|---|---|
| 040 | _cOCl | ||
| 082 | _a581 LES 1986 C111 Or. | ||
| 100 | 1 | _aManciot, André. | |
| 245 | 0 | 4 | _aLes plantes médicinales, |
| 260 |
_aParis, _bJ. Susse _c[1944] |
||
| 300 |
_a160 p. _billus. _c18 cm. |
||
| 490 | 0 | _aCollection "Toute la nature" | |
| 650 | 0 | _aBotany, Medical. | |
| 650 | 0 | _aBotany | |
| 650 | 0 | _aVegetables. | |
| 942 | _cAEDBB | ||
| 999 |
_c20892 _d20892 |
||